000 00682nam a22002297a 4500
999 _c4909
_d4909
003 GBCCL
005 20241126110529.0
008 180215b ||||| |||| 00| 0 eng d
020 _a0851103855
_c$2.50
040 _aDLC
_cDLC
_dLBB
049 _aLBBK
082 0 0 _a232.901
_bFRA
090 _aBT301.2
_b.F7 1975
100 1 _aFrance, R. T.
_98927
245 1 0 _aThe man they crucified :
_ba portrait of Jesus /
_cR. T. France.
260 _aDowners Grove, Ill. :
_bInterVarsity Press,
_cc1975.
300 _a190 p. :
_bmap ;
_c18 cm.
504 _aIncludes bibliographical references.
600 0 0 _aJesus Christ
_xBiography.
_92791
740 0 1 _aPortrait of Jesus.
942 _2ddc
_cBK